Μεσαιωνικά και Νέα Ελληνικά

Αποθηκεύτηκε σε:
Λεπτομέρειες βιβλιογραφικής εγγραφής
Κύριος συγγραφέας: Χατζιδάκις, Γεώργιος Ν. 1848-1941
Μορφή: Βιβλίο
Γλώσσα:Greek
Δημοσίευση: Εν Αθήναις : Π. Δ. Σακελλαρίου, 1905-1907
Σειρά:Βιβλιοθήκη Μαρασλή
Θέματα:
Ετικέτες: Προσθήκη ετικέτας
Δεν υπάρχουν, Καταχωρήστε ετικέτα πρώτοι!

MARC

LEADER 00000nam a2200000 i 4500
001 1/78279
008 960821m19051907 gre d
020 |a 960-400-001-2 (τ.1) 
020 |a 960-400-002-0 (τ.2) 
035 |a 1993  |b 1  |c Μηνάς  |l 10032882 
035 |a 1995  |b 3  |c Αναγνωστοπούλου 
040 |a GR-MY-UA  |b gre  |e aacr 
041 0 |a gre 
082 0 |a 489.3 
100 1 |a Χατζιδάκις, Γεώργιος Ν.  |d 1848-1941. 
245 1 0 |a Μεσαιωνικά και Νέα Ελληνικά /  |c υπό Γεωργίου Ν. Χατζιδάκι 
260 |a Εν Αθήναις :   |b Π. Δ. Σακελλαρίου,   |c 1905-1907 
300 |a 2 τ. 
490 1 |a Βιβλιοθήκη Μαρασλή 
650 0 0 |a Greek language, Medieval and late. 
650 0 0 |a Greek language, Modern. 
830 0 |a Βιβλιοθήκη Μαρασλή 
852 |a INST  |b RHODES  |e 19960821  |h 489.3 ΧΑΤ  |p 005400009956  |q 005400009956  |t BK  |y 0  |z τ.1 
852 |a INST  |b RHODES  |e 19960821  |h 489.3 ΧΑΤ  |p 005400009957  |q 005400009957  |t BK  |y 0  |z τ.1 
852 |a INST  |b RHODES  |e 19960821  |h 489.3 ΧΑΤ  |p 005400009958  |q 005400009958  |t BK  |y 0  |z τ.2 
852 |a INST  |b RHODES  |e 19960821  |h 489.3 ΧΑΤ  |p 005400009959  |q 005400009959  |t BK  |y 0  |z τ.2 
852 |a INST  |b RHODES  |e 19961001  |h 489.3 ΧΑΤ  |p 005400011598  |q 005400011598  |t BK  |y 0  |z τ.1 
852 |a INST  |b RHODES  |e 19961001  |h 489.3 ΧΑΤ  |p 005400011599  |q 005400011599  |t BK  |y 0  |z τ.2 
852 |a INST  |b RHODES  |e 19960821  |h 489.3 ΧΑΤ  |p 005400009956  |q 005400009956  |t BK  |v τ.1:  |y 0  |z τ.1 
852 |a INST  |b RHODES  |e 19960821  |h 489.3 ΧΑΤ  |p 005400009957  |q 005400009957  |t BK  |v τ.1:  |y 0  |z τ.1 
852 |a INST  |b RHODES  |e 19960821  |h 489.3 ΧΑΤ  |p 005400009958  |q 005400009958  |t BK  |v τ.2:  |y 0  |z τ.2 
852 |a INST  |b RHODES  |e 19960821  |h 489.3 ΧΑΤ  |p 005400009959  |q 005400009959  |t BK  |v τ.2:  |y 0  |z τ.2 
852 |a INST  |b RHODES  |e 19961001  |h 489.3 ΧΑΤ  |p 005400011598  |q 005400011598  |t BK  |v τ.1:  |y 0  |z τ.1 
852 |a INST  |b RHODES  |e 19961001  |h 489.3 ΧΑΤ  |p 005400011599  |q 005400011599  |t BK  |v τ.2:  |y 0  |z τ.2 
853 |a INST  |b RHODES  |h 489.3 ΧΑΤ 
909 |a Ρ  |b 025761  |c 1993 
909 |a Ρ  |b 025762  |c 1993 
909 |a Ρ  |b 025763  |c 1993 
909 |a Ρ  |b 025764  |c 1993 
909 |a Ρ  |b 043249  |c 1995 
909 |a Ρ  |b 043250  |c 1995